| 000 | 00505nam a22001817a 4500 | ||
|---|---|---|---|
| 003 | OSt | ||
| 005 | 20220107122823.0 | ||
| 008 | 161222b xxu||||| |||| 00| 0 eng d | ||
| 040 | _cIIITMK | ||
| 100 |
_aJithin Zacharia _911125 |
||
| 245 | _aN-gram based file signature for malware detection | ||
| 300 | _aCSIS - Mini 3rd sem | ||
| 502 |
_bCSIS _c2015-17 _dINT _eProf. Meraj Uddin |
||
| 650 |
_aCOMPUTER SCIENCE _911126 |
||
| 650 |
_aMALWARE DETECTION _911127 |
||
| 650 |
_aN-GRAMS _911128 |
||
| 942 |
_2ddc _cPR |
||
| 999 |
_c5513 _d5513 |
||